| 000 | 00557nmc a2200229 a 4500 | ||
|---|---|---|---|
| 003 | AR-BaBNM | ||
| 005 | 20251128202817.0 | ||
| 008 | 058019s1973 ||||||||||||||000 | spa|| | ||
| 040 | _cAR-BaBNM | ||
| 100 | 1 | _aRosenfeld, S. | |
| 245 | 1 | 0 | _aLa magia de la electricidad |
| 250 | _a1ยช ED. | ||
| 260 |
_aBuenos Aires _bKapelusz _c1973 |
||
| 300 | 0 |
_a111 p. _bil. |
|
| 490 | 0 |
_aClub de ciencia _vv. 15 |
|
| 650 | 4 | _aELECTRICIDAD | |
| 650 | 4 | _aMAGNETISMO | |
| 650 | 4 | _aELECTROLISIS | |
| 650 | 4 | _aEXPERIMENTOS CIENTIFICOS | |
| 942 | _cBK | ||
| 998 | _cCARMEN | ||
| 999 |
_c688 _d688 |
||